000 00256nam a22001097a 4500
082 _a297.55 HIJ'P
100 _aHIJAZI, NASIM
_91010
245 _aPAKISTAN SAY DIYAR-E-HARAM TAK
260 _aLAHORE
_bQUMI KATAB HOUSE
_c1980
300 _a167P
942 _cBK
999 _c581473
_d581473